Samuel Beckett waiting for godot : (Record no. 7375)
[ view plain ]
| 000 -LEADER | |
|---|---|
| fixed length control field | 00469cam a2200193ua 4500 |
| 001 - CONTROL NUMBER | |
| control field | 8265 |
| 005 - DATE AND TIME OF LATEST TRANSACTION | |
| control field | 20260515114319.0 |
| 008 - FIXED-LENGTH DATA ELEMENTS--GENERAL INFORMATION | |
| fixed length control field | 150113n ii |||gr||||Z||||||eng |
| 040 ## - CATALOGING SOURCE | |
| Transcribing agency | MAIN |
| 041 ## - LANGUAGE CODE | |
| Language code of text/sound track or separate title | eng |
| 082 ## - DEWEY DECIMAL CLASSIFICATION NUMBER | |
| Classification number | 842 |
| 100 ## - MAIN ENTRY--PERSONAL NAME | |
| Personal name | Sengupta, S.P., |
| Relator term | Author. |
| 245 ## - TITLE STATEMENT | |
| Title | Samuel Beckett waiting for godot : |
| Remainder of title | Study / |
| Statement of responsibility, etc. | By S.P. Sengupta . |
| 250 ## - EDITION STATEMENT | |
| Edition statement | 2nd. |
| 260 ## - PUBLICATION, DISTRIBUTION, ETC. | |
| Place of publication, distribution, etc. | Bareilly: |
| Name of publisher, distributor, etc. | Prakash, |
| Date of publication, distribution, etc. | 1994. |
| 300 ## - PHYSICAL DESCRIPTION | |
| Extent | 120p. |
| 653 ## - INDEX TERM--UNCONTROLLED | |
| Uncontrolled term | French drama |
| 942 ## - ADDED ENTRY ELEMENTS (KOHA) | |
| Koha item type | Books |
| Withdrawn status | Lost status | Damaged status | Not for loan | Home library | Current library | Shelving location | Date acquired | Total checkouts | Full call number | Barcode | Date last seen | Copy number | Price effective from | Koha item type | Date last checked out |
|---|---|---|---|---|---|---|---|---|---|---|---|---|---|---|---|
| Naharkatiya College Library | Naharkatiya College Library | General stacks | 09/19/2020 | 842 | SEN | 6170 | 09/19/2020 | 1 | 09/19/2020 | Books | ||||||
| Naharkatiya College Library | Naharkatiya College Library | General stacks | 09/19/2020 | 1 | 842 | SEN | 6171 | 02/12/2024 | 2 | 09/19/2020 | Books | 02/09/2024 |